000 00802nam a2200301Ia 4500
003 OSt
005 20250326121630.0
008 250326s9999||||xx |||||||||||||| ||und||
020 _a3125545501
040 _cSTCPL
041 _aGER
041 _hGER
082 _a433.2
_bHAN-D
100 _aBlaasch, Hans Werner
245 0 _aDeutsch als fremdsprache 1 b strukturubungrn und tests /
_cby Hans Werner Blaasch
260 _aNew delhi :
_bOxford and IBH Publishing ,
_c1986 .
300 _a138 p.
_bPB
650 _a Language  
650 _aGerman - English
650 _aGerman languages
650 _aGerman foreign language structural exercises and tests
942 _cBK
942 _2ddc
_n0
942 _2ddc
_n0
942 _2ddc
_n0
942 _2ddc
_n0
942 _2ddc
_n0
999 _c85969
_d85969